| 000 | 01029cam a22003015a 4500 | ||
|---|---|---|---|
| 005 | 20150819101523.0 | ||
| 008 | 150819t2001 nyua|||frb||| 001 0 eng d | ||
| 010 | _a 00712395 | ||
| 020 | _a047133183X : | ||
| 020 | _a9780471331834 | ||
| 040 |
_aEG-ScBUE _beng _cEG-ScBUE |
||
| 082 | 0 | 0 |
_a368 _bVAU _222 |
| 100 | 1 | _aVaughan, Emmett J. | |
| 245 | 1 | 0 |
_aEssentials of risk management and insurance / _cEmmett J. Vaughan, Therese M. Vaughan. |
| 250 | _a2nd ed. | ||
| 260 |
_aNew York : _bWiley, _cc.2001. |
||
| 300 |
_axvi, 640 p. : _bill. ; _c25 cm. |
||
| 500 | _aIncludes indexes. | ||
| 504 | _aIncludes bibliographical references. | ||
| 590 | _adoaa mohamed | ||
| 650 | 0 |
_aInsurance. _2BUEsh |
|
| 650 | 0 |
_aRisk (Insurance) _2BUEsh _912221 |
|
| 651 | _2BUEsh | ||
| 700 | 1 | _aVaughan, Therese M. | |
| 856 | 4 |
_3Table of Contents _uhttp://www.loc.gov/catdir/toc/onix05/00712395.html |
|
| 856 | 4 |
_3Publisher description _uhttp://www.loc.gov/catdir/enhancements/fy0706/00712395-d.html |
|
| 942 |
_cBB _k368VAU _2ddc |
||
| 999 |
_c8524 _d8524 |
||